00486nam a22001697a 450000500170000001000140001702000260003103500130005703700130007008200110008310000140009424500540010826000380016227000750020030000220027550000190029720100803105745.0 aENG-97655 a9788190925907c110.00 aEN-81188 bDBAD/PUB a616.96 aRajan, S. aParasitology:btheory and practicalscby S. Rajan aTamilNadubSRS Publicationsc2009 a131, Ragavendra Garden Main Street, T.V. Koli, bTrichy (TamilNadu)e5 a141p.c21cm (pbk) aIncludes index